00749nam a22002297a 450000500170000001000130001702000100003003500130004003700160005304000120006908200110008110000270009224500460011926000360016527000630020130000200026465000220028465000170030694200200032399900190034395201570036220170124110121.0 aA-427549 c50.00 aA-427549 bCen Lib/Ret aDPLbEN aNbSID aSidhwa, Bapsi 9102123 aThe Pakistani bride /cby Bapsi Sidhwa  bPenguin Books aNew Delhic1993 bNew Delhia72-B, Himalaya house, 23 Kasturba Marg e110001 a245p.c20cm(Hb) aLiterature 96262 aNovel922513 2ddccENhNmSID c130992d130992 04104070aLbLd2015-07-11eCen Lib/Retg0.00l0oN SIDpA-427549r2015-07-11 00:00:00t1v0.00w2015-07-11yENzW/d List No. 6854/14 ; dtd 25/07/2020